[Event "Catalunya-chT"]
[Site "Spain"]
[Date "1998.??.??"]
[Round "7"]
[White "Menac Comas, Joan Ramon"]
[Black "Perales Josa, Alex"]
[Result "1/2-1/2"]
[WhiteElo "2210"]
[BlackElo "1900"]
[PlyCount "81"]
[EventDate "1998.01.??"]
[EventType "team"]
[EventRounds "9"]
[EventCountry "ESP"]
[SourceTitle "EXT 2003"]
[Source "ChessBase"]
[SourceDate "2002.11.25"]
[SourceVersion "1"]
[SourceVersionDate "2002.11.25"]
[SourceQuality "1"]

1. e4 c5 2. Nf3 Nc6 3. d4 cxd4 4. Nxd4 g6 5. c4 Bg7 6. Be3 Nf6 7. Nc3 0-0 8. Be2 d6 9. f3 Bd7 10. Qd2 b6 11. 0-0 Rc8 12. Rfc1 Nh5 13. Kh1 Nxd4 14. Bxd4 Bxd4 15. Qxd4 Nf4 16. Bf1 Bc6 17. b4 Qd7 18. a4 Rb8 19. a5 bxa5 20. b5 Ne6 21. bxc6 Nxd4 22. cxd7 Nb3 23. Nd5 Rbd8 24. Nxe7+ Kg7 25. Nc6 Rxd7 26. Nxa5 Nxc1 27. Rxc1 Rb8 28. Rd1 Rc8 29. e5 Rc5 30. Rd5 Rxd5 31. cxd5 dxe5 32. Bc4 Kf6 33. Kg1 Ke7 34. Bb3 f6 35. Kf2 Kd6 36. Ke3 Kc5 37. Ba2 Kb5 38. Nc4 a5 39. d6 Kc5 40. Bb3 Kb4 41. Ba2 1/2-1/2